[Event "GAMMA Reykjavik Open 2019"]
[Site "Reykjavik"]
[Date "2019.04.10"]
[Round "4.22"]
[White "Deglmann, Ludwig"]
[Black "Kjartansson, Gudmundur"]
[Result "0-1"]
[WhiteElo "2275"]
[BlackElo "2444"]
[Annotator "TA"]
[PlyCount "136"]
[EventDate "2019.04.04"]
[EventType "swiss"]
[EventCountry "ISL"]
[SourceTitle "playchess.com"]
[Source "ChessBase"]
[SourceQuality "1"]

{[%evp 19,136,0,0,-6,-8,-27,-36,-24,-23,-38,-6,-8,-6,-6,-14,-6,-6,-118,-117,-111,-115,-97,-118,-128,-129,-125,-41,-54,-61,-185,-186,-183,-184,-184,-181,-188,-187,-184,-182,-182,-185,-184,-184,-256,-256,-254,-249,-243,-245,-256,-256,-256,-256,-263,-263,-316,-256,-326,-308,-308,-308,-308,-308,-302,-291,-301,-301,-481,-473,-471,-327,-327,-294,-301,-301,-301,-293,-312,-310,-312,-294,-286,-279,-286,-286,-286,-286,-501,-493,-29958,-29959,-29964,-29965,-29965,-29966,-29965,-29967,-29968,-29968,-29969,-29969,-29969,-29970,-29971,-29973,-29973,-29973,-29974,-29975,-29975,-29974,-29976,-29977,-29977,-29976,-29974,-29975,-29972,-29971]} 1. c4 e6 2. Nf3 d5 3. g3 Nf6 4. Bg2 Be7 5. O-O O-O 6. b3 c5 7. Bb2 Nc6 8. e3 d4 9. exd4 cxd4 10. Re1 Re8 11. a3 {A14: English Opening: 1...e6 with b3 by White} (11. d3 Bc5 12. Ne5 Nxe5 13. Rxe5 Qd6 14. Qe1 a5 15. Nd2 Ra7 16. a3 b6 17. h3 Bb7 18. Nf3 Ba8 19. Bc1 {½-½ (38) Almasi,Z (2682)-Navara,D (2733) Germany 2018}) 11... a5 12. Ne5 Nxe5 13. Rxe5 {Black is slightly better.} Nd7 14. Rb5 Nc5 {Black wants to play ...Bd7.} 15. b4 $1 {[%cal Rb4c5]} axb4 16. axb4 Rxa1 17. Bxa1 Na6 $1 18. Bxb7 $146 {[#]} (18. c5 $11 {remains equal.}) ({Predecessor:} 18. Qb3 b6 {½-½ (45) Petek,P (2175)-Lauber,A (2380) Medellin 1996}) 18... Nc7 $1 $36 {[%cal Rc7b5][%mdl 2048] Black has strong initiative.} 19. Rb6 Nd5 $1 {[%cal Rd5b6][%mdl 64] Double Attack} 20. Rb5 Bd7 (20... Nxb4 $6 21. Bxc8 Qxc8 22. d3 $11) 21. cxd5 Bxb5 22. dxe6 Bc4 (22... fxe6 $17 {Threatens to win with ...Qd7.} 23. Be4 Qc8) 23. Bc6 Rf8 ({Much weaker is} 23... Bxe6 24. Bxe8 Qxe8 25. Bxd4 $11) 24. Qg4 ({White has to play} 24. exf7+ $1 $15 Bxf7 25. b5) 24... Bxe6 $19 25. Qxd4 Qxd4 26. Bxd4 {intending b5.} Bxb4 {White must now prevent ...Rc8.} 27. Nc3 Rd8 28. Be3 Bxc3 29. dxc3 {[%mdl 4096] Endgame KRB-KB} Rc8 30. Bf3 Rxc3 31. g4 (31. h4 $142) 31... Rc4 32. h3 {[#]} h5 $1 {[%cal Rh5g4]} 33. gxh5 Bxh3 34. h6 {[#]} g6 $1 35. Bd5 Rc7 36. Kh2 Bc8 37. Kg3 Kh7 38. Kf4 Kxh6 39. Ke5+ Kg7 40. Bg5 Ra7 41. Bf6+ Kg8 42. Kd6 Kf8 43. f4 (43. Ke5 $142) 43... Ra6+ 44. Ke5 Be6 45. Be4 Ke8 46. Bg5 Bd7 {And now ...f6+! would win.} 47. Bd5 Rb6 48. Bc4 Be6 49. Bd3 Bc8 50. Bc4 Bd7 51. Bd5 Be6 52. Be4 Ba2 {Hoping for ...f6+!} 53. f5 $2 (53. Bh4) 53... Bb1 54. Bxb1 (54. Bd5 $19 Bxf5 55. Kd4) 54... Rxb1 {Black mates.} 55. fxg6 {KR-KB} Rb5+ 56. Kf6 Rb6+ 57. Ke5 fxg6 58. Bd2 Kf7 59. Kf4 Rb2 60. Be3 Rb3 61. Bc5 {[#]} g5+ $1 62. Kg4 (62. Kxg5 Rb5) 62... Kg6 63. Bd6 Rc3 64. Be7 Rc4+ 65. Kh3 Kf5 66. Bd6 Rh4+ 67. Kg3 Rd4 68. Bc7 Rd3+ {Accuracy: White = 44%, Black = 87%.} 0-1

[Event "GAMMA Reykjavik Open 2019"]
[Site "Reykjavik"]
[Date "2019.04.10"]
[Round "4.23"]
[White "Korley, Kassa"]
[Black "Esbensen, Arnt"]
[Result "1-0"]
[WhiteElo "2440"]
[BlackElo "2176"]
[Annotator "RC"]
[PlyCount "81"]
[EventDate "2019.04.04"]
[EventType "swiss"]
[EventCountry "ISL"]
[SourceTitle "playchess.com"]
[Source "ChessBase"]
[SourceQuality "1"]
[TimeControl "40/5400+30:1800+30"]

1. d4 {[%emt 0:00:00]} d6 {[%emt 0:00:00]} 2. Nf3 {[%emt 0:00:00]} Nf6 {[%emt 0:00:58]} 3. c4 {[%emt 0:00:00]} Nbd7 {[%emt 0:00:26]} 4. Nc3 {[%emt 0:00:00]} e5 {[%emt 0:00:20]} 5. e4 {[%emt 0:00:00]} Be7 {[%emt 0:00:25]} 6. g3 {[%emt 0:04:39]} O-O {[%emt 0:01:03]} 7. Bg2 {[%emt 0:00:07]} c6 {[%emt 0:02:52]} 8. O-O {[%emt 0:00:40]} a6 {[%emt 0:02:39]} 9. a4 {[%emt 0:07:03]} Re8 {[%emt 0:03:09]} 10. a5 {[%emt 0:01:50]} b5 {[%emt 0:02:04]} 11. axb6 {[%emt 0:00:16]} Qxb6 {[%emt 0:00:20]} 12. c5 {[%emt 0:04:53]} Qc7 {[%emt 0:11:33]} 13. cxd6 {[%emt 0:01:31]} Bxd6 {[%emt 0:02:20]} 14. Qc2 {[%emt 0:18:09]} Rb8 {[%emt 0:03:39]} 15. Rd1 {[%emt 0:07:15]} c5 {[%emt 0:31:11]} 16. dxe5 {[%emt 0:02:44]} Nxe5 {[%emt 0:01:45]} 17. Rxd6 {[%emt 0:03:12]} Nxf3+ {[%emt 0:01:13]} 18. Bxf3 {[%emt 0:00:09]} Qxd6 {[%emt 0:00:18]} 19. Bf4 {[%emt 0:00:28]} Qb6 {[%emt 0:00:21]} 20. Bxb8 {[%emt 0:04:23]} Qxb8 {[%emt 0:00:40]} 21. Na4 {[%emt 0:02:06]} Nd7 {[%emt 0:03:21]} 22. Be2 {[%emt 0:04:06]} Qe5 {[%emt 0:01:15]} 23. Nc3 {[%emt 0:00:15]} Qe6 {[%emt 0:03:11]} 24. f3 {[%emt 0:01:31]} Bb7 {[%emt 0:00:28]} 25. Rd1 {[%emt 0:00:26]} h5 {[%emt 0:09:31]} 26. Nd5 {[%emt 0:02:47]} Bxd5 {[%emt 0:00:49]} 27. Rxd5 {[%emt 0:00:02]} h4 {[%emt 0:00:41]} 28. gxh4 {[%emt 0:06:26]} Qh3 {[%emt 0:08:21]} 29. Qc3 {[%emt 0:14:32]} Nf8 {[%emt 0:03:07]} 30. Rg5 {[%emt 0:05:26]} Ng6 {[%emt 0:00:33]} 31. Rg3 {[%emt 0:02:32]} Qxh4 {[%emt 0:00:41]} 32. Bxa6 {[%emt 0:01:07]} Qh6 {[%emt 0:01:49]} 33. Bc4 {[%emt 0:01:28]} Rd8 {[%emt 0:00:48]} 34. Bd5 {[%emt 0:01:19]} Nf4 {[%emt 0:00:48]} 35. Qa5 {[%emt 0:01:10]} Rd6 {[%emt 0:01:13]} 36. Qc7 {[%emt 0:01:16]} Nxd5 {[%emt 0:01:56]} 37. Qc8+ {[%emt 0:00:18]} Kh7 {[%emt 0:00:30]} 38. Rh3 {[%emt 0:00:08]} Nf4 {[%emt 0:01:18]} 39. Rxh6+ {[%emt 0:00:16]} gxh6 {[%emt 0:00:11]} 40. Qf5+ {[%emt 0:00:00]} Rg6+ {[%emt 0:00:00]} 41. Kf1 {[%emt 0:00:42]} 1-0

[Event "GAMMA Reykjavik Open 2019"]
[Site "Reykjavik"]
[Date "2019.04.10"]
[Round "4.24"]
[White "Astaneh Lopez, Alex"]
[Black "Obrien, Matthew"]
[Result "1-0"]
[WhiteElo "2427"]
[BlackElo "2110"]
[Annotator "NA"]
[PlyCount "59"]
[EventDate "2019.04.04"]
[EventType "swiss"]
[EventCountry "ISL"]
[SourceTitle "playchess.com"]
[Source "ChessBase"]
[SourceQuality "1"]
[TimeControl "40/5400+30:1800+30"]

1. d4 {[%emt 0:10:25]} Nf6 {[%emt 0:00:00]} 2. c4 {[%emt 0:00:10]} g6 {[%emt 0:00:04]} 3. Nf3 {[%emt 0:00:09]} Bg7 {[%emt 0:00:13]} 4. g3 {[%emt 0:00:07]} O-O {[%emt 0:00:13]} 5. Bg2 {[%emt 0:00:03]} d6 $14 {[%emt 0:01:24]} 6. O-O {[%emt 0:00:07]} Nc6 {[%emt 0:00:30]} 7. Nc3 {[%emt 0:01:59]} Bf5 {[%emt 0:00:53]} 8. d5 {[%emt 0:08:12]} Na5 {[%emt 0:00:31]} 9. Nd4 {[%emt 0:00:06]} Bd7 {[%emt 0:01:15]} 10. b3 {[%emt 0:00:44]} c5 {[%emt 0:01:54]} 11. dxc6 {[%emt 0:07:05]} Nxc6 {[%emt 0:00:18]} 12. Bb2 {[%emt 0:01:37]} Qa5 {[%emt 0:03:41]} 13. Nc2 {[%emt 0:02:52]} Qh5 {[%emt 0:16:08]} 14. e4 {[%emt 0:01:35]} Bg4 {[%emt 0:02:55]} 15. f3 {[%emt 0:00:11]} Be6 {[%emt 0:03:43]} 16. Nd5 {[%emt 0:07:38]} Bxd5 {[%emt 0:01:01]} 17. cxd5 {[%emt 0:03:57]} Ne5 {[%emt 0:03:44]} 18. Bd4 {[%emt 0:04:41]} g5 {[%emt 0:15:28]} 19. Ne3 {[%emt 0:09:57]} g4 {[%emt 0:03:49]} 20. Nf5 {[%emt 0:11:12]} e6 {[%emt 0:10:40]} 21. Nxg7 {[%emt 0:01:26]} Kxg7 {[%emt 0:00:19]} 22. f4 {[%emt 0:00:22]} Ned7 {[%emt 0:04:49]} 23. e5 {[%emt 0:08:01]} Nxd5 {[%emt 0:05:06]} 24. Bxd5 {[%emt 0:00:47]} exd5 {[%emt 0:00:19]} 25. e6+ {[%emt 0:01:39]} Nf6 {[%emt 0:00:10]} 26. e7 {[%emt 0:00:08]} Rfe8 {[%emt 0:00:43]} 27. Bxf6+ {[%emt 0:02:46]} Kxf6 {[%emt 0:00:06]} 28. Qd4+ {[%emt 0:00:03]} Kg6 {[%emt 0:03:30]} 29. f5+ {[%emt 0:00:17]} Kh6 {[%emt 0:00:26]} 30. Qf6+ {[%emt 0:00:04]} 1-0

[Event "GAMMA Reykjavik Open 2019"]
[Site "Reykjavik"]
[Date "2019.04.10"]
[Round "4.25"]
[White "Yoo, Christopher Woojin"]
[Black "Hardarson, Petur Palmi"]
[Result "1-0"]
[WhiteElo "2414"]
[BlackElo "1808"]
[Annotator "NA"]
[PlyCount "69"]
[EventDate "2019.04.04"]
[EventType "swiss"]
[EventCountry "ISL"]
[SourceTitle "playchess.com"]
[Source "ChessBase"]
[SourceQuality "1"]
[TimeControl "40/5400+30:1800+30"]

1. e4 {[%emt 0:00:00]} c5 {[%emt 0:00:00]} 2. Nf3 {[%emt 0:00:00]} d6 {[%emt 0:00:00]} 3. d4 {[%emt 0:00:00]} cxd4 {[%emt 0:00:00]} 4. Nxd4 {[%emt 0:00:00]} Nf6 {[%emt 0:00:16]} 5. Nc3 {[%emt 0:00:00]} a6 {[%emt 0:00:30]} 6. Nb3 {[%emt 0:00:00]} e5 {[%emt 0:01:31]} 7. Bg5 {[%emt 0:00:02]} Be7 {[%emt 0:01:10]} 8. Bxf6 {[%emt 0:00:24]} Bxf6 {[%emt 0:00:18]} 9. Qd3 {[%emt 0:00:21]} Be6 {[%emt 0:03:05]} 10. O-O-O {[%emt 0:00:54]} Be7 {[%emt 0:00:44]} 11. Nd5 {[%emt 0:02:08]} Bxd5 {[%emt 0:02:48]} 12. Qxd5 {[%emt 0:00:13]} Qc7 {[%emt 0:02:34]} 13. Kb1 {[%emt 0:08:23]} O-O {[%emt 0:01:37]} 14. Na5 {[%emt 0:12:30]} Nc6 {[%emt 0:03:16]} 15. Nc4 {[%emt 0:00:07]} Rfd8 {[%emt 0:10:48]} 16. Ne3 {[%emt 0:12:18]} Bg5 {[%emt 0:03:58]} 17. Nf5 {[%emt 0:05:12]} Ne7 {[%emt 0:03:30]} 18. Nxe7+ {[%emt 0:01:09]} Bxe7 {[%emt 0:01:00]} 19. Bc4 {[%emt 0:09:33]} Bf6 {[%emt 0:13:09]} 20. Qd3 {[%emt 0:01:47]} Rac8 {[%emt 0:03:14]} 21. Bd5 {[%emt 0:02:25]} b5 {[%emt 0:01:45]} 22. h4 {[%emt 0:02:15]} a5 {[%emt 0:07:18]} 23. g4 {[%emt 0:01:50]} g6 {[%emt 0:01:53]} 24. g5 {[%emt 0:02:43]} Bg7 {[%emt 0:00:17]} 25. c3 {[%emt 0:03:25]} b4 {[%emt 0:02:24]} 26. c4 {[%emt 0:00:36]} Rb8 {[%emt 0:02:00]} 27. h5 {[%emt 0:01:05]} b3 {[%emt 0:07:03]} 28. a3 {[%emt 0:00:58]} Qa7 {[%emt 0:02:31]} 29. hxg6 {[%emt 0:01:45]} hxg6 {[%emt 0:01:14]} 30. Qf3 {[%emt 0:01:50]} Rdc8 {[%emt 0:01:41]} 31. Rh4 {[%emt 0:01:47]} Rc5 {[%emt 0:01:07]} 32. Rdh1 {[%emt 0:00:53]} Rxd5 {[%emt 0:01:33]} 33. cxd5 {[%emt 0:00:48]} Qc7 {[%emt 0:02:24]} 34. Rh7 {[%emt 0:01:02]} Qe7 {[%emt 0:01:38]} 35. Qh3 {[%emt 0:00:18]} 1-0

[Event "GAMMA Reykjavik Open 2019"]
[Site "Reykjavik"]
[Date "2019.04.10"]
[Round "4.26"]
[White "Abbas, Daniel"]
[Black "Eggleston, David J"]
[Result "0-1"]
[WhiteElo "2253"]
[BlackElo "2401"]
[Annotator "ChessBase"]
[PlyCount "114"]
[EventDate "2019.04.04"]
[EventType "swiss"]
[EventCountry "ISL"]
[SourceTitle "playchess.com"]
[Source "ChessBase"]
[SourceQuality "1"]
[TimeControl "40/5400+30:1800+30"]

1. e4 {[%emt 0:00:00]} c5 {[%emt 0:07:26]} 2. Nf3 {[%emt 0:00:00]} d6 {[%emt 0:00:12]} 3. Bb5+ {[%emt 0:00:00]} Nd7 {[%emt 0:00:06]} 4. O-O {[%emt 0:00:18]} Ngf6 {[%emt 0:00:15]} 5. Re1 {[%emt 0:00:08]} a6 {[%emt 0:00:05]} 6. Bd3 {[%emt 0:00:04]} e6 {[%emt 0:00:22]} 7. c3 {[%emt 0:00:09]} Be7 {[%emt 0:01:23]} 8. Bc2 {[%emt 0:00:14]} b5 {[%emt 0:01:07]} 9. d4 {[%emt 0:00:42]} cxd4 {[%emt 0:00:13]} 10. cxd4 {[%emt 0:00:07]} O-O {[%emt 0:01:00]} 11. Nc3 {[%emt 0:06:48]} Bb7 {[%emt 0:02:04]} 12. a3 {[%emt 0:05:07]} Rc8 {[%emt 0:07:25]} 13. h3 {[%emt 0:12:17]} Re8 {[%emt 0:03:22]} 14. Bd3 {[%emt 0:03:37]} e5 {[%emt 0:03:20]} 15. d5 {[%emt 0:00:55]} g6 {[%emt 0:00:28]} 16. Bd2 {[%emt 0:05:28]} Bf8 {[%emt 0:01:49]} 17. b4 {[%emt 0:05:31]} Nb6 {[%emt 0:09:06]} 18. a4 {[%emt 0:02:52]} bxa4 {[%emt 0:00:35]} 19. Nxa4 {[%emt 0:01:44]} Bg7 {[%emt 0:25:50]} 20. Nxb6 {[%emt 0:14:46]} Qxb6 {[%emt 0:00:02]} 21. Be3 {[%emt 0:00:55]} Qc7 {[%emt 0:03:49]} 22. Ra3 {[%emt 0:12:16]} Nxd5 {[%emt 0:05:54]} 23. exd5 {[%emt 0:00:34]} e4 {[%emt 0:00:04]} 24. Bxa6 {[%emt 0:01:29]} exf3 {[%emt 0:00:17]} 25. Qxf3 {[%emt 0:01:47]} Bxa6 {[%emt 0:00:21]} 26. Rxa6 {[%emt 0:00:11]} Qb7 {[%emt 0:00:49]} 27. Ra4 {[%emt 0:05:42]} Re5 {[%emt 0:03:53]} 28. Rd1 {[%emt 0:01:43]} Rf5 {[%emt 0:00:13]} 29. Qe4 {[%emt 0:01:49]} Qb5 {[%emt 0:03:22]} 30. Ra2 {[%emt 0:03:23]} Re5 {[%emt 0:01:12]} 31. Qd3 {[%emt 0:02:15]} Qxb4 {[%emt 0:01:01]} 32. Rc2 {[%emt 0:01:34]} Rce8 {[%emt 0:02:52]} 33. Rc4 {[%emt 0:01:42]} Qa5 {[%emt 0:04:28]} 34. Rc6 {[%emt 0:02:03]} Bf8 {[%emt 0:02:49]} 35. Ra6 {[%emt 0:01:33]} Qb4 {[%emt 0:01:33]} 36. Rb1 {[%emt 0:03:23]} Rxd5 {[%emt 0:02:02]} 37. Qxg6+ {[%emt 0:01:16]} hxg6 {[%emt 0:00:26]} 38. Rxb4 {[%emt 0:00:04]} Bg7 {[%emt 0:02:09]} 39. Ra7 {[%emt 0:04:09]} Be5 {[%emt 0:00:15]} 40. Bf4 {[%emt 0:00:00]} Rd1+ {[%emt 0:00:00]} 41. Kh2 {[%emt 0:02:18]} Bd4 {[%emt 0:08:58]} 42. Rd7 {[%emt 0:06:49]} Bxf2 {[%emt 0:04:27]} 43. Rxd6 {[%emt 0:01:49]} Rf1 {[%emt 0:02:56]} 44. Rb2 {[%emt 0:07:17]} Ra8 {[%emt 0:09:15]} 45. Be5 {[%emt 0:06:00]} Bc5 {[%emt 0:04:20]} 46. Rd5 {[%emt 0:02:35]} Bg1+ {[%emt 0:02:18]} 47. Kg3 {[%emt 0:00:08]} Rf5 {[%emt 0:00:15]} 48. Ra5 {[%emt 0:03:48]} Re8 {[%emt 0:00:44]} 49. Rbb5 {[%emt 0:00:59]} Bf2+ {[%emt 0:01:22]} 50. Kh2 {[%emt 0:00:30]} Be1 {[%emt 0:00:30]} 51. g4 {[%emt 0:01:02]} Bxa5 {[%emt 0:00:18]} 52. gxf5 {[%emt 0:00:08]} Rxe5 {[%emt 0:00:06]} 53. Rxe5 {[%emt 0:02:57]} Bc7 {[%emt 0:00:02]} 54. fxg6 {[%emt 0:00:08]} Bxe5+ {[%emt 0:00:09]} 55. Kg2 {[%emt 0:00:04]} fxg6 {[%emt 0:00:19]} 56. h4 {[%emt 0:00:05]} Kg7 {[%emt 0:00:04]} 57. h5 {[%emt 0:00:02]} g5 {[%emt 0:00:11]} 0-1

[Event "GAMMA Reykjavik Open 2019"]
[Site "Reykjavik"]
[Date "2019.04.10"]
[Round "4.27"]
[White "Salles, Louis"]
[Black "Tania, Sachdev"]
[Result "0-1"]
[WhiteElo "2221"]
[BlackElo "2397"]
[Annotator "NA"]
[PlyCount "54"]
[EventDate "2019.04.04"]
[EventType "swiss"]
[EventCountry "ISL"]
[SourceTitle "playchess.com"]
[Source "ChessBase"]
[SourceQuality "1"]
[TimeControl "40/5400+30:1800+30"]

1. e4 {[%emt 0:00:00]} e5 {[%emt 0:00:39]} 2. Nf3 {[%emt 0:00:00]} Nc6 {[%emt 0:00:06]} 3. d4 {[%emt 0:00:00]} exd4 {[%emt 0:00:14]} 4. Nxd4 {[%emt 0:00:00]} Nf6 {[%emt 0:00:05]} 5. Nxc6 {[%emt 0:00:00]} bxc6 {[%emt 0:00:05]} 6. e5 {[%emt 0:00:04]} Qe7 {[%emt 0:00:38]} 7. Qe2 {[%emt 0:00:09]} Nd5 {[%emt 0:00:14]} 8. c4 {[%emt 0:00:16]} Ba6 {[%emt 0:00:39]} 9. Nd2 {[%emt 0:00:16]} O-O-O {[%emt 0:01:35]} 10. b3 {[%emt 0:13:03]} f6 {[%emt 0:05:05]} 11. Qe4 {[%emt 0:04:46]} Nb6 {[%emt 0:00:51]} 12. Bb2 {[%emt 0:01:34]} fxe5 {[%emt 0:24:25]} 13. O-O-O {[%emt 0:02:34]} Re8 {[%emt 0:04:39]} 14. Nf3 {[%emt 0:17:13]} Bb7 {[%emt 0:26:20]} 15. Nxe5 {[%emt 0:17:37]} g5 {[%emt 0:16:15]} 16. Bd3 {[%emt 0:08:11]} Bg7 {[%emt 0:00:31]} 17. Rhe1 {[%emt 0:02:09]} Rhf8 {[%emt 0:12:14]} 18. Qe2 {[%emt 0:26:35]} Qc5 {[%emt 0:01:10]} 19. f4 {[%emt 0:03:08]} Rxf4 {[%emt 0:02:00]} 20. Qh5 {[%emt 0:00:32]} Rff8 {[%emt 0:01:02]} 21. Qxg5 {[%emt 0:00:42]} Bf6 {[%emt 0:00:44]} 22. Qg3 {[%emt 0:01:02]} Rg8 {[%emt 0:00:23]} 23. Qf4 {[%emt 0:00:29]} Bg5 {[%emt 0:00:15]} 24. Qxg5 {[%emt 0:01:01]} Rxg5 {[%emt 0:00:04]} 25. Nxd7 {[%emt 0:00:13]} Rxe1 {[%emt 0:00:25]} 26. Nxc5 {[%emt 0:00:40]} Rxd1+ {[%emt 0:00:04]} 27. Kxd1 {[%emt 0:00:06]} Rxc5 {[%emt 0:00:11]} 0-1

[Event "GAMMA Reykjavik Open 2019"]
[Site "Reykjavik"]
[Date "2019.04.10"]
[Round "4.28"]
[White "Le Goff, Ronan"]
[Black "Vaishali R"]
[Result "1-0"]
[WhiteElo "2186"]
[BlackElo "2353"]
[Annotator "NA"]
[PlyCount "61"]
[EventDate "2019.04.04"]
[EventType "swiss"]
[EventCountry "ISL"]
[SourceTitle "playchess.com"]
[Source "ChessBase"]
[SourceQuality "1"]
[TimeControl "40/5400+30:1800+30"]

1. Nf3 {[%emt 0:00:00]} d5 {[%emt 0:00:56]} 2. e3 {[%emt 0:00:00]} Nf6 {[%emt 0:00:30]} 3. c4 {[%emt 0:00:08]} e6 {[%emt 0:00:18]} 4. b3 {[%emt 0:00:15]} c5 {[%emt 0:00:06]} 5. Bb2 {[%emt 0:00:09]} Nc6 {[%emt 0:00:06]} 6. cxd5 {[%emt 0:00:19]} exd5 {[%emt 0:00:06]} 7. Be2 {[%emt 0:00:23]} Bd6 {[%emt 0:05:26]} 8. O-O {[%emt 0:00:12]} O-O {[%emt 0:00:23]} 9. Nc3 {[%emt 0:00:56]} Re8 {[%emt 0:12:28]} 10. Rc1 {[%emt 0:01:52]} Bg4 {[%emt 0:03:15]} 11. Na4 {[%emt 0:09:19]} Nd7 {[%emt 0:10:31]} 12. h3 {[%emt 0:19:20]} Bh5 {[%emt 0:03:01]} 13. d4 {[%emt 0:03:54]} cxd4 {[%emt 0:04:31]} 14. Nxd4 {[%emt 0:01:00]} Bxe2 {[%emt 0:00:16]} 15. Qxe2 {[%emt 0:03:01]} Nxd4 {[%emt 0:19:29]} 16. Bxd4 {[%emt 0:02:52]} Ne5 {[%emt 0:00:40]} 17. Rfd1 {[%emt 0:04:27]} Qh4 {[%emt 0:14:37]} 18. Nc3 {[%emt 0:07:17]} Nc6 {[%emt 0:06:55]} 19. Nb5 {[%emt 0:08:22]} Re6 {[%emt 0:04:03]} 20. Qg4 {[%emt 0:08:32]} Qxg4 {[%emt 0:06:12]} 21. hxg4 {[%emt 0:00:15]} Be5 {[%emt 0:02:06]} 22. Bxe5 {[%emt 0:02:39]} Rxe5 {[%emt 0:00:02]} 23. Nd4 {[%emt 0:00:17]} Rc8 {[%emt 0:04:19]} 24. Nf3 {[%emt 0:05:34]} Re4 {[%emt 0:00:55]} 25. Rxd5 {[%emt 0:00:10]} Rxg4 {[%emt 0:00:08]} 26. Ne5 {[%emt 0:01:34]} Rb4 {[%emt 0:00:59]} 27. Nxc6 {[%emt 0:00:49]} bxc6 {[%emt 0:00:01]} 28. Rxc6 {[%emt 0:00:13]} Ra8 {[%emt 0:00:37]} 29. Rc7 {[%emt 0:00:18]} a6 {[%emt 0:00:38]} 30. Ra7 {[%emt 0:03:14]} Rbb8 {[%emt 0:00:24]} 31. Rdd7 {[%emt 0:00:11]} 1-0

[Event "GAMMA Reykjavik Open 2019"]
[Site "Reykjavik"]
[Date "2019.04.10"]
[Round "4.29"]
[White "Finnbogadottir, Tinna Kristin"]
[Black "Borocz, Istvan"]
[Result "0-1"]
[WhiteElo "1849"]
[BlackElo "2350"]
[Annotator "NA"]
[PlyCount "70"]
[EventDate "2019.04.04"]
[EventType "swiss"]
[EventCountry "ISL"]
[SourceTitle "playchess.com"]
[Source "ChessBase"]
[SourceQuality "1"]
[TimeControl "40/5400+30:1800+30"]

1. e4 {[%emt 0:00:19]} c6 {[%emt 0:00:00]} 2. Nf3 {[%emt 0:01:54]} d5 {[%emt 0:05:11]} 3. exd5 {[%emt 0:01:56]} cxd5 {[%emt 0:00:06]} 4. d4 {[%emt 0:00:11]} Nf6 {[%emt 0:00:20]} 5. Bd3 {[%emt 0:01:05]} Nc6 {[%emt 0:00:09]} 6. c3 {[%emt 0:00:19]} Bg4 {[%emt 0:01:50]} 7. Bf4 {[%emt 0:00:38]} Qb6 {[%emt 0:03:34]} 8. b4 {[%emt 0:03:21]} e6 {[%emt 0:03:38]} 9. O-O {[%emt 0:02:17]} Rc8 {[%emt 0:13:33]} 10. Qb3 {[%emt 0:01:55]} Bxf3 {[%emt 0:00:43]} 11. gxf3 {[%emt 0:00:03]} Be7 {[%emt 0:01:08]} 12. Nd2 {[%emt 0:01:25]} O-O {[%emt 0:03:10]} 13. Kh1 {[%emt 0:01:21]} Nh5 {[%emt 0:02:57]} 14. Bg3 {[%emt 0:04:18]} Bg5 {[%emt 0:04:16]} 15. Qd1 {[%emt 0:01:20]} Nf4 {[%emt 0:08:50]} 16. Bc2 {[%emt 0:01:52]} Ne7 {[%emt 0:01:08]} 17. Nb1 {[%emt 0:00:59]} Neg6 {[%emt 0:02:24]} 18. Qd2 {[%emt 0:03:56]} Qd8 {[%emt 0:03:14]} 19. h4 {[%emt 0:01:24]} Bh6 {[%emt 0:02:22]} 20. Qe3 {[%emt 0:09:27]} Qf6 {[%emt 0:03:57]} 21. Nd2 {[%emt 0:02:37]} Nxh4 {[%emt 0:01:59]} 22. Rg1 {[%emt 0:02:29]} Nfg6 {[%emt 0:05:42]} 23. f4 {[%emt 0:01:20]} Nxf4 {[%emt 0:04:21]} 24. Nf1 {[%emt 0:04:36]} Nfg6 {[%emt 0:01:41]} 25. Qd3 {[%emt 0:02:26]} Qf3+ {[%emt 0:00:47]} 26. Qxf3 {[%emt 0:00:05]} Nxf3 {[%emt 0:00:07]} 27. Rg2 {[%emt 0:00:27]} Rxc3 {[%emt 0:00:18]} 28. Ba4 {[%emt 0:01:03]} Nxd4 {[%emt 0:02:23]} 29. Nh2 {[%emt 0:00:51]} Rfc8 {[%emt 0:00:46]} 30. Ng4 {[%emt 0:00:49]} Rc1+ {[%emt 0:01:21]} 31. Rxc1 {[%emt 0:00:06]} Rxc1+ {[%emt 0:00:13]} 32. Kh2 {[%emt 0:00:23]} Nf3+ {[%emt 0:00:52]} 33. Kh3 {[%emt 0:00:11]} Rh1+ {[%emt 0:01:31]} 34. Nh2 {[%emt 0:00:15]} f5 {[%emt 0:04:03]} 35. Bb5 {[%emt 0:00:31]} Ng5# {[%emt 0:00:24]} 0-1

[Event "GAMMA Reykjavik Open 2019"]
[Site "Reykjavik"]
[Date "2019.04.10"]
[Round "4.30"]
[White "Aasen, Kjetil Myrlid"]
[Black "Gupta, Abhijeet"]
[Result "0-1"]
[WhiteElo "1861"]
[BlackElo "2602"]
[Annotator "TA"]
[PlyCount "72"]
[EventDate "2019.04.04"]
[EventType "swiss"]
[EventCountry "ISL"]
[SourceTitle "playchess.com"]
[Source "ChessBase"]
[SourceQuality "1"]

{[%evp 15,72,-47,-12,-19,-8,-14,-20,-82,-47,-75,-53,-83,-84,-103,-97,-100,-83,-101,-100,-108,-91,-123,-97,-104,-93,-112,-124,-144,-126,-275,-260,-293,-258,-397,-396,-399,-393,-377,-345,-337,-314,-379,-420,-409,-402,-358,-390,-528,-521,-571,-559,-1069,-1049,-954,-917,-3170,-2099,-29991,-29991]} 1. e4 c5 2. d4 cxd4 3. c3 dxc3 4. Nxc3 e6 5. Nf3 a6 6. Bc4 b5 7. Bb3 Bb7 8. Qe2 d6 9. O-O {B21: Sicilian: 2 f4 and Morra Gambit} Nd7 10. Rd1 Ngf6 11. Bg5 (11. Bf4 $11 {remains equal.}) (11. Bf4 b4 12. e5 bxc3 13. exf6 Qxf6 14. Qe3 cxb2 15. Rab1 Be7 16. Ba4 Rd8 17. Rxd6 Bxd6 18. Bxd6 Bxf3 19. Qxf3 Qxf3 20. gxf3 {0-1 (44) Tymrakiewicz,R (2218)-Tomczak,J (2598) Darlowko 2018}) 11... Be7 12. a3 Qb8 13. Rac1 $146 ({Predecessor:} 13. Nd4 Nc5 14. Bc2 O-O 15. b4 {0-1 (41) Brenner,M (2100)-Milov,L (2465) Deizisau 2015}) 13... O-O 14. h4 Re8 15. Bf4 Bf8 16. Nh2 Ne5 17. g4 g6 18. h5 Bg7 19. h6 Bf8 20. Bg5 Nfd7 21. Be3 Nc5 22. Bxc5 (22. Bc2 $17) 22... dxc5 $19 23. f4 Nc6 ({Less strong is} 23... Bxh6 24. g5 $15) 24. e5 (24. Qe3 {was worth a try.}) 24... Nd4 25. Rxd4 cxd4 26. Ne4 Bxe4 27. Qxe4 d3 ({Don't do} 27... Bxh6 28. Kg2) 28. g5 d2 29. Rd1 Qb6+ 30. Kg2 Red8 31. Ng4 Be7 32. Kf3 Rac8 33. Nf6+ Bxf6 34. exf6 Rd4 35. Qe3 Rcd8 {[#] ( -> ...Rd3)} 36. Rxd2 Qc6+ {Accuracy: White = 18%, Black = 63%.} 0-1